000 00657nam a22001937a 4500
999 _c13595
_d13595
003 AR-CdUCM
008 190415b ||||| |||| 00| 0 spa d
040 _aMUNICIPALIDAD PROVINCIAL DEL CUSCO
_cBIBLIOTECA MUNICIPAL DEL CUSCO
082 _22ed.
_a463 /
_bV39
100 _aVega, Vicente
_932061
245 _aDRIC :
_bDiccionario ilustrado de rarezas, inverosimilitudes y curiosidades /
260 _aBarcelona :
_bGustavo Gili,
_c1962.
300 _a624 paginas ;
_bIlustraciones,
_c23 cm.
505 _aContenido : Diccionario.
650 _aDiccionario ilustrado
_918301
650 _aRarezas
_932062
942 _2ddc
_cLIBROS
945 _awnts
_d2019-04-15